GUESS THAT CONAN GRAY SONG (vol 4) - Statistics

General Stats
  • This quiz has been taken 63 times
  • The average score is 199 of 321
Answer Stats
Answer % Correct
I
98%
you
95%
You
95%
a
93%
A
93%
me
84%
the
81%
and
77%
And
77%
do
77%
your
77%
be
74%
it
74%
It
74%
when
74%
who
74%
like
72%
to
72%
don't
70%
my
70%
no
70%
in
67%
it's
67%
It's
67%
So
65%
know
60%
life
60%
if
58%
If
58%
not
58%
on
58%
was
58%
we're
58%
were
58%
why?
58%
All
56%
all
56%
But
56%
girl
56%
guy
56%
have
56%
I'll
56%
of
56%
You're
56%
you're
56%
as
53%
mind
53%
can
51%
how
51%
How
51%
that
51%
world
51%
yours?
51%
kiss
49%
might
49%
There
49%
with
49%
care
47%
'Cause
47%
should
47%
time
47%
up
47%
just
44%
lie
44%
out
44%
really
44%
won't
44%
would
44%
anymore
42%
'em
42%
for
42%
summer
42%
tell
42%
before
40%
by
40%
Every
40%
guys
40%
please
40%
waste
40%
affect
37%
anything
37%
back
37%
being
37%
fling
37%
got
37%
longer
37%
low
37%
need
37%
ok
37%
Romeo
37%
thought
37%
Couldn't
35%
Doesn't
35%
dude
35%
full
35%
given
35%
I've
35%
keep
35%
later
35%
livin'
35%
matter
35%
saying
35%
sorry
35%
stuck
35%
supposed
35%
Tellin'
35%
totally
35%
trash
35%
treating
35%
true
35%
year
35%
calling
33%
door
33%
drinking
33%
found
33%
from
33%
fucking
33%
person
33%
referee
33%
remedy
33%
revenge
33%
shut
33%
talking
33%
everything
30%
approval
28%
Maybe
28%
self
28%
assesment
16%
No matching quizzes found
Score Distribution
Percent of People with Each Score
Percentile by Number Answered
Your Score History
You have not taken this quiz